PSPICE and MATLAB for electronics: an integrated appraoch (Record no. 8439)
[ view plain ]
| 000 -LEADER | |
|---|---|
| fixed length control field | 00418 a2200133 4500 |
| 020 ## - INTERNATIONAL STANDARD BOOK NUMBER | |
| International Standard Book Number | 0849312639 |
| 040 ## - CATALOGING SOURCE | |
| Original cataloging agency | DLC |
| Language of cataloging | DLC |
| 100 1# - MAIN ENTRY--PERSONAL NAME | |
| Personal name | Attia, John Okyere. |
| 245 10 - TITLE STATEMENT | |
| Title | PSPICE and MATLAB for electronics: an integrated appraoch |
| Remainder of title | an integrated appraoch |
| Statement of responsibility, etc. | John Okyere Attia |
| 260 ## - PUBLICATION, DISTRIBUTION, ETC. | |
| Place of publication, distribution, etc. | Boca Raton, FL : |
| Name of publisher, distributor, etc. | CRC Press, |
| Date of publication, distribution, etc. | 2002. |
| 300 ## - PHYSICAL DESCRIPTION | |
| Extent | 338 p. : |
| Other physical details | ill. |
| 440 #0 - SERIES STATEMENT/ADDED ENTRY--TITLE | |
| Title | VLSI circuits series. |
| 942 ## - ADDED ENTRY ELEMENTS (KOHA) | |
| Koha item type | Book |
| Call number prefix | 621.395 ATT |
| Source of classification or shelving scheme | |
| Withdrawn status | Lost status | Damaged status | Not for loan | Collection code | Permanent Location | Current Location | Shelving location | Date acquired | Source of acquisition | Cost, normal purchase price | Total Checkouts | Full call number | Barcode | Date last seen | Date last checked out | Price effective from | Koha item type |
|---|---|---|---|---|---|---|---|---|---|---|---|---|---|---|---|---|---|
| Central Library (CL) | Central Library (CL) | General Stacks | 12/31/2007 | Progressive International Agencies | 5102.24 | 1 | 621.395 ATT | SEECS008860 | 04/07/2014 | 01/20/2014 | 01/05/2017 | Book |
